Statistics for Gymnastics Events

Click here to take the quiz!

General Stats

  • This quiz has been taken 8,684 times
    (8,351 since last reset)
  • The average score is 8 of 13

Answer Stats

Form of GymnasticsEvent/Apparatus% Correct
Men's / Women's artisticFloor Exercise
94%
Men's artisticStill Rings
88%
Women's artisticBalance Beam
84%
Men's / Women's artisticVault
83%
Women's artisticUneven Bars
79%
Men's artisticPommel Horse
73%
Men's artisticParallel Bars
71%
RythmicRibbon
61%
RythmicBall
52%
Men's artisticHorizontal Bar
51%
RythmicHoop
41%
RythmicClubs
18%
RythmicRope
15%

Score Distribution

Percentile by Number Answered

Percent of People with Each Score

Your Score History

You have not taken this quiz since the last reset